High-performance liquid chromatography of peptides and proteins : (Record no. 330199)

000 -LEADER
fixed length control field 01182pam a2200289 a 4500
001 - CONTROL NUMBER
control field 2014283
003 - CONTROL NUMBER IDENTIFIER
control field NUST
005 - DATE AND TIME OF LATEST TRANSACTION
control field 20170613123022.0
008 - FIXED-LENGTH DATA ELEMENTS--GENERAL INFORMATION
fixed length control field 910411s1991 flua b 001 0 eng
010 ## - LIBRARY OF CONGRESS CONTROL NUMBER
LC control number 91017549
020 ## - INTERNATIONAL STANDARD BOOK NUMBER
International Standard Book Number 084936549X
040 ## - CATALOGING SOURCE
Original cataloging agency DLC
Transcribing agency DLC
Modifying agency DLC
050 00 - LIBRARY OF CONGRESS CALL NUMBER
Classification number QP519.9.H53
Item number H5355 1991
082 00 - DEWEY DECIMAL CLASSIFICATION NUMBER
Classification number 574.19245 MAN
Edition number 20
245 00 - TITLE STATEMENT
Title High-performance liquid chromatography of peptides and proteins :
Remainder of title separation, analysis, and conformation /
Statement of responsibility, etc. Editors, Colin T. Mant, Robert S. Hodges.
260 ## - PUBLICATION, DISTRIBUTION, ETC.
Place of publication, distribution, etc. Boca Raton :
Name of publisher, distributor, etc. CRC Press,
Date of publication, distribution, etc. c1991.
300 ## - PHYSICAL DESCRIPTION
Extent 938 p. :
Other physical details ill. ;
Dimensions 26 cm.
500 ## - GENERAL NOTE
General note H.B
504 ## - BIBLIOGRAPHY, ETC. NOTE
Bibliography, etc. note Includes bibliographical references and index.
650 #0 - SUBJECT ADDED ENTRY--TOPICAL TERM
Topical term or geographic name entry element High performance liquid chromatography.
9 (RLIN) 2550
650 #0 - SUBJECT ADDED ENTRY--TOPICAL TERM
Topical term or geographic name entry element Proteins
General subdivision Analysis.
9 (RLIN) 2551
650 #0 - SUBJECT ADDED ENTRY--TOPICAL TERM
Topical term or geographic name entry element Peptides
General subdivision Analysis.
9 (RLIN) 2552
700 1# - ADDED ENTRY--PERSONAL NAME
Personal name Mant, Colin T.
9 (RLIN) 2553
700 1# - ADDED ENTRY--PERSONAL NAME
Personal name Hodges, Robert S.
9 (RLIN) 2554
856 42 - ELECTRONIC LOCATION AND ACCESS
Materials specified Publisher description
Uniform Resource Identifier <a href="http://www.loc.gov/catdir/enhancements/fy0744/91017549-d.html">http://www.loc.gov/catdir/enhancements/fy0744/91017549-d.html</a>
906 ## - LOCAL DATA ELEMENT F, LDF (RLIN)
a 7
b cbc
c orignew
d 1
e ocip
f 19
g y-gencatlg
942 ## - ADDED ENTRY ELEMENTS (KOHA)
Source of classification or shelving scheme
Koha item type Book
Call number prefix IESE
Holdings
Withdrawn status Lost status Source of classification or shelving scheme Damaged status Not for loan Collection code Permanent Location Current Location Shelving location Date acquired Total Checkouts Full call number Barcode Date last seen Price effective from Koha item type
            Institute of Environmental Science and Engineering (IESE) Institute of Environmental Science and Engineering (IESE) General Stacks 06/13/2017   574.19245 MAN IESE-1136 06/13/2017 06/13/2017 Book
© 2023 Central Library, National University of Sciences and Technology. All Rights Reserved.